| 000 | 00486nam a22001697a 4500 | ||
|---|---|---|---|
| 003 | NUST | ||
| 005 | 20220607110239.0 | ||
| 008 | 220607b ||||| |||| 00| 0 eng d | ||
| 020 | _a978-981-15-4094-3 | ||
| 038 | _aMuzammil | ||
| 082 |
_a006.31 _bHAO |
||
| 100 |
_aDong, Hao, _992031 |
||
| 245 |
_aDeep reinforcement learning: _bfundamentals research and applications\ _cHao Dong, & Zihan Ding. |
||
| 260 |
_aSingapore, _bSpringer, _c2020. |
||
| 300 | _axxvii,514p.; | ||
| 942 |
_2ddc _cBK |
||
| 999 |
_c590135 _d590135 |
||